[Event "Xtracon Chess Open 2019"]
[Site "Helsingor DEN"]
[Date "2019.07.24"]
[Round "6.82"]
[White "Nord, Alexander"]
[Black "Sigeman, Johan"]
[Result "1/2-1/2"]
[WhiteElo "1893"]
[BlackElo "2120"]
[WhiteFideId "1738135"]
[BlackFideId "1705601"]
[EventDate "2019.07.20"]

1. d4 Nf6 2. Nf3 e6 3. g3 c5 4. Bg2 d5 5. O-O Bd6 6. c4 cxd4 7. Nxd4 O-O 8. cxd5
exd5 9. Nc3 Be5 10. Nf3 Bxc3 11. bxc3 Qa5 12. Bb2 Be6 13. Nd4 Nbd7 14. Nxe6 fxe6
15. e4 Ne5 16. Qe2 Nc4 17. Rfd1 Qc5 18. exd5 exd5 19. Rd4 Rae8 20. Bxd5+ Nxd5
21. Qxc4 Qxc4 22. Rxc4 Re2 23. Ba3 Rfe8 24. Bb4 Rd2 25. a4 h6 26. Kf1 Rde2 1/2-1/2

[Event "Xtracon Chess Open 2019"]
[Site "Helsingor DEN"]
[Date "2019.07.24"]
[Round "6.83"]
[White "Ivarsson, Torbjorn"]
[Black "Meyer, Juergen"]
[Result "1/2-1/2"]
[WhiteElo "2119"]
[BlackElo "1889"]
[WhiteFideId "1705865"]
[BlackFideId "24661759"]
[EventDate "2019.07.20"]

1. d4 d5 2. Nc3 Nf6 3. Bf4 c5 4. e3 cxd4 5. exd4 a6 6. Nf3 Nc6 7. Ne5 Qb6 8.
Nxc6 Qxc6 9. Bd3 Bd7 10. O-O e6 11. a4 Be7 12. Re1 O-O 13. Qf3 Qb6 14. Be5 Bc6
15. Re3 Rfc8 16. Rae1 Qd8 17. Qh3 g6 18. Rf3 Ne4 19. Qh6 Bf8 20. Qe3 f5 21. Rh3
Qe7 22. f3 Nxc3 23. bxc3 Re8 24. g4 Bxa4 25. gxf5 exf5 26. Re2 Bd7 27. f4 Qf7
28. Rg3 Bg7 29. h4 Bxe5 30. dxe5 Rac8 31. h5 Re6 32. Qd4 Rec6 33. Reg2 Kf8 34.
Kh2 Re6 35. Rg5 Bb5 36. Qxd5 Bc6 37. Qc5+ Qe7 38. Qc4 b5 39. Qb3 Bxg2 40. Rxg2
Qf7 41. c4 Rec6 42. cxb5 Qxb3 43. cxb3 axb5 44. Bxb5 Rc2 45. hxg6 Rxg2+ 46. Kxg2
Rc2+ 47. Kg3 hxg6 48. Bc4 Kg7 49. Kf3 Rc3+ 50. Kf2 Kf8 51. Kg2 g5 52. fxg5 Re3
53. g6 Kg7 54. Bf7 Rxe5 55. Kf3 Kf6 56. Kf2 Re4 57. Kf3 Rg4 58. Kf2 Ke5 59. Kf3
Rg1 60. Kf2 Rg5 61. Kf3 f4 62. Kf2 Rg3 63. b4 Kd4 64. Ke2 Ke5 65. Kf2 Ke4 66. b5
Ke5 67. b6 Kd6 68. b7 Kc7 69. Bd5 Rxg6 70. Kf3 Rf6 71. Ke2 Rf8 72. Be4 Kd6 73.
Kf3 Ke5 74. Bc6 Rh8 75. Bd7 Rb8 1/2-1/2

[Event "Xtracon Chess Open 2019"]
[Site "Helsingor DEN"]
[Date "2019.07.24"]
[Round "6.84"]
[White "Molvig, Henrik"]
[Black "Jacobsen, Heidrikur T."]
[Result "1/2-1/2"]
[WhiteTitle "CM"]
[WhiteElo "2099"]
[BlackElo "1885"]
[WhiteFideId "1402625"]
[BlackFideId "7200340"]
[EventDate "2019.07.20"]

1. d4 Nf6 2. c4 g6 3. Nc3 Bg7 4. e4 d6 5. Nf3 O-O 6. Be2 e5 7. O-O Nc6 8. d5 Ne7
9. Ne1 Nd7 10. Be3 f5 11. f3 f4 12. Bf2 Nf6 13. c5 g5 14. Rc1 Ng6 15. cxd6 cxd6
16. Nb5 Rf7 17. Qc2 Ne8 18. Nxa7 Rc7 19. Qd2 Rxc1 20. Qxc1 Bd7 21. Bb5 Nf6 22.
Bxd7 Qxd7 23. Qc4 Bf8 24. Qb5 Qg7 25. Qe2 h5 26. Nb5 g4 27. Kh1 g3 28. Bb6 gxh2
29. Nc7 Rc8 30. Ne6 Qh6 31. Nd3 h4 32. Kxh2 Nh5 33. Rc1 Ng3 34. Qd1 Rxc1 35.
Qxc1 h3 36. gxh3 Qh5 37. Nxf8 Nxf8 38. Ne1 Qg5 39. Qc8 1/2-1/2

[Event "Xtracon Chess Open 2019"]
[Site "Helsingor DEN"]
[Date "2019.07.24"]
[Round "6.85"]
[White "Skovgaard, Ib"]
[Black "Poulsen, Klaus E."]
[Result "1-0"]
[WhiteElo "1911"]
[BlackElo "2095"]
[WhiteFideId "1406760"]
[BlackFideId "1405039"]
[EventDate "2019.07.20"]

1. e4 c5 2. Nf3 Nc6 3. d4 cxd4 4. Nxd4 Nf6 5. Nc3 e5 6. Ndb5 d6 7. Bg5 a6 8. Na3
b5 9. Bxf6 gxf6 10. Nd5 Bg7 11. Bd3 Be6 12. c3 Bxd5 13. exd5 Ne7 14. Nc2 f5 15.
O-O O-O 16. Re1 Qb6 17. Ne3 e4 18. Nxf5 Nxf5 19. Rxe4 Nh6 20. Qh5 Rae8 21. Rg4
f5 22. Qxh6 fxg4 23. Qxh7+ Kf7 24. Qg6+ Kg8 25. Qh7+ Kf7 26. Bg6+ Kf6 27. Bf5
Re2 28. Qg6+ Ke7 29. Qxg7+ Rf7 30. Qg5+ Kf8 31. Qh6+ Ke7 32. Qh4+ Kf8 33. Kf1
Rxf2+ 34. Qxf2 Qxf2+ 35. Kxf2 Rxf5+ 36. Kg3 Rxd5 37. Rf1+ Kg7 38. Rf2 a5 39.
Kxg4 b4 40. cxb4 axb4 41. g3 Kg6 42. h4 Ra5 43. b3 d5 44. h5+ Kg7 45. Rc2 Kf6
46. Kf4 Ra6 47. g4 d4 48. g5+ Ke6 49. Re2+ Kf7 50. g6+ Kf6 51. Rg2 Kg7 52. Ke4
Rd6 53. Kd3 Rd8 54. Rg4 Ra8 55. Rxd4 Rxa2 56. Rxb4 1-0

[Event "Xtracon Chess Open 2019"]
[Site "Helsingor DEN"]
[Date "2019.07.24"]
[Round "6.86"]
[White "Dew, Brian"]
[Black "Klitgaard, Ebbe"]
[Result "1-0"]
[WhiteTitle "FM"]
[WhiteElo "2094"]
[BlackElo "1882"]
[WhiteFideId "6000495"]
[BlackFideId "1414941"]
[EventDate "2019.07.20"]

1. e4 d5 2. exd5 Qxd5 3. Nc3 Qa5 4. Bc4 Nf6 5. d3 c6 6. Qe2 Bg4 7. f3 Bh5 8. g4
Bg6 9. f4 h6 10. Bd2 Qc7 11. f5 Bh7 12. O-O-O Nbd7 13. h3 g6 14. fxg6 Bxg6 15.
Nf3 O-O-O 16. Nh4 Nb6 17. Nxg6 fxg6 18. Rhf1 Nxc4 19. dxc4 g5 20. Rde1 Nd7 21.
Rf7 e5 22. Ne4 Qb6 23. Be3 Qa5 24. Kb1 Kb8 25. Rd1 Bc5 26. Rfxd7 Rxd7 27. Rxd7
Bxe3 28. Qxe3 Rf8 29. Rd1 1-0

[Event "Xtracon Chess Open 2019"]
[Site "Helsingor DEN"]
[Date "2019.07.24"]
[Round "6.87"]
[White "Ben Porat, Zeev"]
[Black "Liabotro, Ola"]
[Result "1/2-1/2"]
[WhiteElo "1888"]
[BlackElo "2081"]
[WhiteFideId "2801051"]
[BlackFideId "1512382"]
[EventDate "2019.07.20"]

1. e4 c5 2. Nc3 Nc6 3. f4 g6 4. Nf3 Bg7 5. Bb5 Nd4 6. O-O Nxb5 7. Nxb5 d5 8. e5
a6 9. Nc3 b5 10. d4 c4 11. Ne2 a5 12. a3 Bb7 13. Qe1 Qb6 14. Bd2 Nh6 15. h3 f6
16. Kh1 Kd7 17. g4 Nf7 18. Ng3 1/2-1/2

[Event "Xtracon Chess Open 2019"]
[Site "Helsingor DEN"]
[Date "2019.07.24"]
[Round "6.88"]
[White "Machlik, Edit"]
[Black "Woltery, Nicolai"]
[Result "1-0"]
[WhiteElo "2075"]
[BlackElo "1865"]
[WhiteFideId "1513591"]
[BlackFideId "436887"]
[EventDate "2019.07.20"]

1. d4 Nf6 2. c4 c5 3. d5 b5 4. Qc2 bxc4 5. e4 e6 6. Bxc4 exd5 7. exd5 Be7 8. Nc3
d6 9. Nge2 O-O 10. O-O Nbd7 11. Ng3 Nb6 12. b3 Nxc4 13. bxc4 Ng4 14. Bf4 Bf6 15.
h3 Ne5 16. Nce4 Bh4 17. Bxe5 dxe5 18. Nxc5 Qc7 19. Nb3 f5 20. c5 f4 21. Ne4 f3
22. Nbd2 fxg2 23. Kxg2 Qd7 24. Qd3 Bb7 25. Nd6 Rf4 26. N2e4 Be7 27. c6 Bxc6 28.
dxc6 Qxc6 29. f3 Rb8 30. Qc4+ 1-0

[Event "Xtracon Chess Open 2019"]
[Site "Helsingor DEN"]
[Date "2019.07.24"]
[Round "6.89"]
[White "Smeby, Ole"]
[Black "Schweitzer, Werner"]
[Result "0-1"]
[WhiteElo "1887"]
[BlackElo "2072"]
[WhiteFideId "1503677"]
[BlackFideId "1622927"]
[EventDate "2019.07.20"]

1. d4 f5 2. Nc3 Nf6 3. Bg5 d5 4. Bxf6 exf6 5. e3 Be6 6. Nge2 c6 7. Nf4 Bf7 8.
Bd3 g6 9. Qd2 Bd6 10. O-O-O Nd7 11. h4 Qc7 12. Kb1 O-O-O 13. Nce2 Kb8 14. Rc1
Nb6 15. Qa5 Qe7 16. Qe1 Rhe8 17. g3 Bc7 18. Ng2 Nc8 19. h5 Nd6 20. hxg6 hxg6 21.
Rh7 g5 22. Qb4 Qe6 23. Rch1 Bg6 24. R7h6 Rg8 25. a4 Ne4 26. Qe1 Rdf8 27. f3 Nd6
28. Qb4 Nf7 29. R6h2 Bd6 30. Qd2 Rh8 31. c3 Qc8 32. Qc2 Rfg8 33. Ka2 Bc7 34. Ne1
Nd6 35. b3 Qe8 36. Ng2 Rxh2 37. Rxh2 Rh8 38. Rxh8 Qxh8 39. g4 fxg4 40. Ne1 gxf3
41. Nxf3 Ne4 42. c4 g4 43. Nfg1 f5 44. cxd5 cxd5 45. Qc1 Qf6 46. Qe1 a6 47. Kb2
Be8 48. Bc2 Ka7 49. Nc1 f4 50. Bxe4 dxe4 51. Qc3 f3 52. Nxf3 gxf3 53. Qxc7 f2
54. Qc5+ Kb8 0-1

[Event "Xtracon Chess Open 2019"]
[Site "Helsingor DEN"]
[Date "2019.07.24"]
[Round "6.90"]
[White "Fjallheim, Leif Reinert"]
[Black "Pekin, Tolgay"]
[Result "1/2-1/2"]
[WhiteElo "1883"]
[BlackElo "2070"]
[WhiteFideId "7201788"]
[BlackFideId "6305440"]
[EventDate "2019.07.20"]

1. d4 d5 2. Bf4 Nf6 3. e3 c5 4. c3 Nc6 5. Nd2 e6 6. Ngf3 cxd4 7. exd4 Nh5 8. Bg3
Be7 9. Bd3 Nxg3 10. hxg3 h6 11. Qe2 Bd7 12. Ne5 Nxe5 13. Qxe5 Bf6 14. Qe2 Rb8
15. Nb3 Qc7 16. Nc5 Kf8 17. f4 Bc8 18. Qf2 b6 19. Nb3 b5 20. a3 g6 21. g4 Kg7
22. Nd2 a5 23. g3 b4 24. cxb4 axb4 25. a4 b3 26. O-O Rb4 27. Nf3 Qa7 28. Bb5
Bxd4 29. Nxd4 Qxd4 30. Rfd1 Qxf2+ 31. Kxf2 h5 32. gxh5 Rxh5 33. Rh1 Rxh1 34.
Rxh1 d4 35. Rc1 Bb7 36. Rc4 Rxc4 37. Bxc4 Kf6 38. Bxb3 Ke7 39. Bc4 Kd6 40. b4 f6
41. Bd3 g5 42. fxg5 fxg5 43. Ke2 e5 44. Kd2 e4 45. Bc4 Bd5 46. Bxd5 Kxd5 47. a5
Kc6 1/2-1/2

[Event "Xtracon Chess Open 2019"]
[Site "Helsingor DEN"]
[Date "2019.07.24"]
[Round "6.91"]
[White "Gregor, Bjarke"]
[Black "Berg, Margar M."]
[Result "0-1"]
[WhiteElo "2064"]
[BlackElo "1857"]
[WhiteFideId "1423401"]
[BlackFideId "7200021"]
[EventDate "2019.07.20"]

1. e4 c5 2. Nf3 d6 3. d4 cxd4 4. Nxd4 Nf6 5. Nc3 a6 6. Bg5 e6 7. f4 h6 8. Bh4 b5
9. e5 dxe5 10. fxe5 g5 11. exf6 gxh4 12. Qf3 Qxd4 13. Qxa8 Bd6 14. Rd1 Qb6 15.
Qf3 Be5 16. Bd3 Nd7 17. Ne4 Bb7 18. Rf1 Rg8 19. Qf2 Bd4 20. Qf4 Be3 21. Qd6 Qd8
22. Rf3 Bb6 23. Qb4 Ba5 24. Nd6+ Kf8 25. Nxb7+ Bxb4+ 26. c3 Qc7 27. Be4 Nxf6 28.
Rxf6 Bxc3+ 29. bxc3 Qxc3+ 30. Ke2 Qxf6 31. Nc5 Qc3 32. Nd3 Rg4 0-1

[Event "Xtracon Chess Open 2019"]
[Site "Helsingor DEN"]
[Date "2019.07.24"]
[Round "6.92"]
[White "Lodahl, Holger Ronnow"]
[Black "Christiansen, Jens Jorgen"]
[Result "0-1"]
[WhiteElo "1859"]
[BlackElo "2053"]
[WhiteFideId "1427342"]
[BlackFideId "1401670"]
[EventDate "2019.07.20"]

1. b3 e5 2. Bb2 Nc6 3. c4 d5 4. cxd5 Qxd5 5. Nc3 Qd6 6. g3 Nf6 7. Bg2 Bf5 8. d3
a6 9. Nf3 Be7 10. O-O Rd8 11. Nd2 O-O 12. Qc1 Qe6 13. Nce4 Nxe4 14. Nxe4 Bg4 15.
Re1 Bb4 16. Bc3 Qe7 17. h3 Be6 18. Bxb4 Nxb4 19. Nc5 c6 20. Nxe6 Qxe6 21. a3 Nd5
22. b4 f5 23. Qc4 Rde8 24. e4 fxe4 25. dxe4 Nf4 26. Qxe6+ Nxe6 27. a4 Nd4 28.
Rac1 Rd8 29. Re3 g5 30. Rcc3 Rf6 31. Rc5 Re8 32. f3 h5 33. g4 Kg7 34. Kf2 hxg4
35. hxg4 Rh6 36. Kg3 Kf6 37. Rc1 Rd8 38. Bf1 Rh1 39. Rec3 Rxf1 0-1

[Event "Xtracon Chess Open 2019"]
[Site "Helsingor DEN"]
[Date "2019.07.24"]
[Round "6.93"]
[White "Frederiksen Kristian, Pade"]
[Black "Nilsson, Eskil"]
[Result "1/2-1/2"]
[WhiteElo "1822"]
[BlackElo "2053"]
[WhiteFideId "1435205"]
[BlackFideId "1716220"]
[EventDate "2019.07.20"]

1. d4 Nf6 2. c4 g6 3. Nc3 Bg7 4. e4 d6 5. Be2 O-O 6. Be3 Na6 7. g4 e5 8. d5 Nc5
9. Bf3 a5 10. h4 Qd7 11. g5 Ng4 12. Bxc5 dxc5 13. h5 f6 14. h6 Bh8 15. Rh4 Nxf2
16. Kxf2 fxg5 17. Rh3 g4 18. Rg3 Qe7 19. Kg2 gxf3+ 20. Nxf3 Rf4 21. d6 Qxd6 22.
Nd5 Be6 23. Nxf4 exf4 24. Rg5 Rd8 25. Qxd6 cxd6 26. Kf2 Bxc4 27. e5 dxe5 28. Rc1
Bxa2 29. Rxc5 e4 30. Rxa5 Be6 31. Ne5 Bf6 32. Rg1 Bh4+ 33. Ke2 Kf8 34. Rc5 f3+
35. Ke3 f2 36. Rgc1 Bh3 37. Rc7 f1=Q 38. Rxf1+ Bxf1 39. Rf7+ Ke8 40. Rxf1 Bg5+
41. Kxe4 Rd2 42. Nf7 Be7 43. Ke5 Rxb2 44. Nd6+ Kd7 45. Rf7 Rb6 46. Rxe7+ Kxe7
47. Nc8+ Kf7 48. Nxb6 g5 49. Kf5 g4 50. Kxg4 Kg6 51. Kh3 Kxh6 52. Kh4 Kg6 53.
Kg4 Kf6 54. Kh5 Ke5 55. Kh6 Kd4 56. Kxh7 Kc5 57. Na4+ Kb5 58. Nb2 Kb4 59. Kg6
Kb3 60. Nd3 b5 61. Kf5 Kc3 62. Ke4 1/2-1/2

[Event "Xtracon Chess Open 2019"]
[Site "Helsingor DEN"]
[Date "2019.07.24"]
[Round "6.95"]
[White "Zierott, Jan"]
[Black "Sidali, Elias Hulleberg"]
[Result "0-1"]
[WhiteElo "1783"]
[BlackElo "2041"]
[WhiteFideId "4679040"]
[BlackFideId "1530518"]
[EventDate "2019.07.20"]

1. d4 Nf6 2. Bg5 d5 3. Nd2 e6 4. Ngf3 c5 5. c3 Be7 6. Qc2 Nc6 7. e3 Qb6 8. dxc5
Qxc5 9. Bd3 h6 10. Bh4 e5 11. Nb3 Qb6 12. Bf5 e4 13. Nfd4 g6 14. Bxc8 Rxc8 15.
O-O a5 16. a4 Nb4 17. Qe2 Nd3 18. Nb5 g5 19. Bg3 h5 20. h3 h4 21. Bh2 g4 22.
hxg4 h3 23. Rfd1 hxg2 24. Rxd3 exd3 25. Qxd3 Nxg4 26. Qf5 Qe6 27. Qxe6 fxe6 28.
Nd6+ Bxd6 29. Bxd6 Rh1+ 30. Kxg2 Rxa1 31. Nxa1 Rc4 32. Nc2 Rxa4 33. Kg3 Nf6 34.
Nd4 Ne4+ 0-1

[Event "Xtracon Chess Open 2019"]
[Site "Helsingor DEN"]
[Date "2019.07.24"]
[Round "6.96"]
[White "Wahlgreen, Noah"]
[Black "Larsen, Ulrik"]
[Result "0-1"]
[WhiteElo "1743"]
[BlackElo "2039"]
[WhiteFideId "1457349"]
[BlackFideId "1441167"]
[EventDate "2019.07.20"]

1. e4 c5 2. Nf3 e6 3. d4 cxd4 4. Nxd4 Nc6 5. Be3 Qc7 6. f3 Nf6 7. Be2 d5 8. exd5
Nxd5 9. Nb5 Qe5 10. Bf2 a6 11. N5c3 Bb4 12. Qd2 O-O 13. a3 Be7 14. Nxd5 exd5 15.
Nc3 Be6 16. Bg3 Qf6 17. O-O-O Rfd8 18. Kb1 Bc5 19. Qf4 Qe7 20. Bd3 Bxa3 21. bxa3
Qxa3 22. Ne2 d4 23. Nc1 Rd5 24. Bc4 Ra5 25. Nb3 Bxc4 26. Rd3 Qa2+ 27. Kc1 Bxd3
28. Qd2 Bc4 0-1

[Event "Xtracon Chess Open 2019"]
[Site "Helsingor DEN"]
[Date "2019.07.24"]
[Round "6.97"]
[White "Kleimark, Anders"]
[Black "Larsen, Preben R."]
[Result "1-0"]
[WhiteElo "2032"]
[BlackElo "1844"]
[WhiteFideId "1709968"]
[BlackFideId "1425790"]
[EventDate "2019.07.20"]

1. d4 d5 2. c4 dxc4 3. Nf3 c6 4. e3 b5 5. Be2 e6 6. O-O Bb7 7. a4 a6 8. Ne5 Bb4
9. b3 f6 10. Nf3 cxb3 11. Qxb3 Qe7 12. Nc3 Bxc3 13. Qxc3 b4 14. Qb3 a5 15. Nd2
Nd7 16. Bc4 Ba6 17. Rd1 Bxc4 18. Nxc4 f5 19. e4 Nh6 20. Qg3 Nf6 21. Nd6+ Kd7 22.
e5 Ne4 23. Nxe4 fxe4 24. Qf4 Qf7 25. Qxe4 Qf5 26. Qe2 Rhf8 27. h3 Nf7 28. Be3
Ng5 29. Qc4 Ne4 30. d5 exd5 31. Rxd5+ cxd5 32. Qxd5+ Kc7 33. Rc1+ Nc3 34. Qd6+
Kb7 35. Qb6+ Kc8 36. Qc6+ Kb8 37. Qd6+ Kb7 38. Qb6+ Kc8 39. e6 Qd5 40. e7 Re8
41. Rc2 Qb7 42. Qc5+ Qc7 43. Qf5+ Kb7 44. Rxc3 Qxc3 45. Qb5+ Kc7 46. Bf4+ Kc8
47. Qxe8+ Kb7 48. Qb5+ 1-0

[Event "Xtracon Chess Open 2019"]
[Site "Helsingor DEN"]
[Date "2019.07.24"]
[Round "6.98"]
[White "Jensen, Morten Frank"]
[Black "Rempe, Jonas"]
[Result "0-1"]
[WhiteElo "2029"]
[BlackElo "1839"]
[WhiteFideId "1407325"]
[BlackFideId "16202406"]
[EventDate "2019.07.20"]

1. b3 Nf6 2. Bb2 g6 3. c4 Bg7 4. g3 O-O 5. Bg2 c6 6. Nf3 d6 7. O-O Nbd7 8. d3 e5
9. Qc2 b6 10. b4 Bb7 11. c5 Qc7 12. cxd6 Qxd6 13. Nbd2 b5 14. Nb3 Nd5 15. a3
Rae8 16. Nc5 Nxc5 17. bxc5 Qe7 18. e3 Rd8 19. Rfd1 Rfe8 20. Rac1 a5 21. Nd2 f5
22. Qb3 a4 23. Qc2 Qf7 24. Nf3 h6 25. Rd2 Bf6 26. Rcd1 Qg7 27. e4 Nc7 28. d4
exd4 29. exf5 d3 30. Qb1 gxf5 31. Bxf6 Qxf6 32. Rxd3 Nd5 33. Qc2 Re7 34. Nh4
Rde8 35. Bf3 Nf4 36. gxf4 Qxh4 37. Rd7 Qxf4 38. Rxe7 Rxe7 39. Qa2+ Kh7 40. Bg2
Rg7 41. Qd2 Qf3 0-1

[Event "Xtracon Chess Open 2019"]
[Site "Helsingor DEN"]
[Date "2019.07.24"]
[Round "6.99"]
[White "Meurman, Arne"]
[Black "Vehl, Tina"]
[Result "1-0"]
[WhiteElo "2014"]
[BlackElo "1823"]
[WhiteFideId "1704923"]
[BlackFideId "1418262"]
[EventDate "2019.07.20"]

1. e4 c5 2. Nf3 d6 3. d4 cxd4 4. Nxd4 Nf6 5. Nc3 a6 6. f4 e5 7. Nf3 Qc7 8. a4
Be7 9. Bd3 Be6 10. O-O Nbd7 11. Kh1 Nc5 12. Qe1 Nxd3 13. cxd3 Qa5 14. Bd2 Qb6
15. Be3 Qa5 16. Bd2 Qb6 17. fxe5 dxe5 18. Nxe5 Qd4 19. Bf4 Rd8 20. Rd1 Bb3 21.
Nf3 Qd7 22. Rd2 Bb4 23. d4 O-O 24. Bg5 Be7 25. d5 h6 26. Bh4 Bc4 27. Rg1 Qe8 28.
Nd4 Nh7 29. b3 g5 30. Bg3 Bxb3 31. Nxb3 Bb4 32. Qe3 f5 33. Qd4 Bxc3 34. Qxc3 f4
35. Bf2 Qxe4 36. Nc5 Qe7 37. Re1 Qf7 38. d6 Nf6 39. Re7 Nd5 40. Rxf7 Nxc3 41.
Rxf8+ Rxf8 42. d7 Rd8 43. Nxb7 Ne4 44. Nxd8 1-0

[Event "Xtracon Chess Open 2019"]
[Site "Helsingor DEN"]
[Date "2019.07.24"]
[Round "6.100"]
[White "Munksgaard, Bo"]
[Black "Christiansen, Arne"]
[Result "1/2-1/2"]
[WhiteElo "1740"]
[BlackElo "2011"]
[WhiteFideId "1407473"]
[BlackFideId "1402013"]
[EventDate "2019.07.20"]

1. Nf3 Nf6 2. g3 g6 3. Bg2 Bg7 4. d3 c5 5. e4 Nc6 6. O-O O-O 7. Nbd2 d6 8. h3 a6
9. a4 Rb8 10. Re1 Qc7 11. c3 b5 12. axb5 axb5 13. Qc2 Bd7 14. d4 cxd4 15. cxd4
Rfc8 16. e5 dxe5 17. dxe5 Ne8 18. Qc5 Qd8 19. Ne4 Bf5 20. Bf4 Nxe5 21. Bxe5 Bxe4
22. Qe3 Bxe5 23. Nxe5 Bxg2 24. Kxg2 Qd5+ 25. Qf3 Qxf3+ 26. Kxf3 Nf6 27. Ra7 Kf8
28. g4 Ra8 29. Rb7 g5 1/2-1/2

[Event "Xtracon Chess Open 2019"]
[Site "Helsingor DEN"]
[Date "2019.07.24"]
[Round "6.101"]
[White "Lauritsen, Niels"]
[Black "Leonhardsen, Vebjorn Maanum"]
[Result "1/2-1/2"]
[WhiteElo "2011"]
[BlackElo "1820"]
[WhiteFideId "1404474"]
[BlackFideId "1539515"]
[EventDate "2019.07.20"]

1. e4 c6 2. Nc3 d5 3. Nf3 Bg4 4. exd5 cxd5 5. h3 Bxf3 6. Qxf3 Nf6 7. d4 e6 8.
Bd3 Nc6 9. Ne2 Bd6 10. c3 a6 11. Bf4 Bxf4 12. Nxf4 b5 13. a3 O-O 14. O-O Na5 15.
Rad1 Nc4 16. Qe2 Qd6 17. g3 Rfc8 18. Bb1 a5 19. Nd3 Ne4 20. Kg2 g6 21. h4 Nf6
22. Rfe1 Rab8 23. Qf3 Ne4 24. Ne5 1/2-1/2

[Event "Xtracon Chess Open 2019"]
[Site "Helsingor DEN"]
[Date "2019.07.24"]
[Round "6.102"]
[White "Johnsen, Oystein"]
[Black "Masotti, Roberto"]
[Result "1-0"]
[WhiteElo "1994"]
[BlackElo "1814"]
[WhiteFideId "1515861"]
[BlackFideId "815071"]
[EventDate "2019.07.20"]

1. d4 Nf6 2. Bf4 g6 3. Nc3 d5 4. Qd2 Bg7 5. f3 c5 6. Nb5 Na6 7. dxc5 O-O 8. Rd1
Bd7 9. Nc3 Bc6 10. e3 Nxc5 11. b4 Ne6 12. Be5 Qb6 13. b5 Be8 14. Bxf6 Bxf6 15.
Nxd5 Qc5 16. Nxf6+ exf6 17. c4 Qa3 18. Ne2 a6 19. Qc3 axb5 20. Qxa3 Rxa3 21. Nc1
bxc4 22. Bxc4 Rxe3+ 23. Kf2 Rc3 24. Bb3 Bb5 25. Ne2 Rc5 26. Rhe1 Ra8 27. Rd6 Bc4
28. Bxc4 Rxc4 29. Rd2 Rca4 30. Ra1 Ra3 31. Nc1 Rc3 32. Rb2 Nc5 33. Ke2 Re8+ 34.
Kd2 Rce3 35. Rb5 R8e5 36. f4 1-0

[Event "Xtracon Chess Open 2019"]
[Site "Helsingor DEN"]
[Date "2019.07.24"]
[Round "6.103"]
[White "Christiansen, Torsten Sundgaar"]
[Black "Glibstrup, Jakob"]
[Result "0-1"]
[WhiteElo "1742"]
[BlackElo "1993"]
[WhiteFideId "1419714"]
[BlackFideId "1416146"]
[EventDate "2019.07.20"]

1. d4 Nf6 2. Bf4 g6 3. e3 Bg7 4. Nf3 d6 5. Bd3 Nh5 6. Bg3 Nxg3 7. hxg3 Nc6 8. c3
O-O 9. Nbd2 e5 10. dxe5 dxe5 11. Qc2 Qe7 12. O-O-O Be6 13. Kb1 a6 14. Ne4 h6 15.
Ned2 Rab8 16. Nh4 b5 17. Bxg6 fxg6 18. Nxg6 Qf7 19. Nxf8 Rxf8 20. b3 Qxf2 21.
Rdf1 Qxg3 22. Rxf8+ Bxf8 23. Qe4 Ne7 24. Rf1 Qg6 25. Kb2 Qxe4 26. Nxe4 Kg7 27.
Nc5 Bc8 28. Rd1 Nf5 29. Rd5 Bd6 30. Ne4 Bb7 31. Nxd6 cxd6 32. Rd2 Kf6 33. g4
Nxe3 34. Rxd6+ Kg5 35. Rb6 Bc8 36. Rc6 Bxg4 37. Rxa6 Bf5 38. Ra5 Nd1+ 39. Ka3
Nxc3 40. Kb4 0-1

[Event "Xtracon Chess Open 2019"]
[Site "Helsingor DEN"]
[Date "2019.07.24"]
[Round "6.104"]
[White "Mansoor, Afras"]
[Black "Halvorsen, Benjamin"]
[Result "1-0"]
[WhiteElo "1991"]
[BlackElo "1789"]
[WhiteFideId "1522108"]
[BlackFideId "1516604"]
[EventDate "2019.07.20"]

1. d4 g6 2. e4 d6 3. Nc3 Nf6 4. f3 c6 5. Be3 b5 6. Qd2 Nbd7 7. g4 b4 8. Nce2 Nb6
9. Ng3 Qc7 10. Qxb4 Rb8 11. Qa5 Bg7 12. Bd3 Nfd7 13. N1e2 e5 14. c3 c5 15. dxc5
Nxc5 16. Bb5+ Bd7 17. Bxd7+ Ncxd7 18. O-O Nf6 19. Rad1 h5 20. g5 Nh7 21. h4 Qd7
22. Qb4 O-O 23. Rxd6 Qh3 24. Qb3 Nd7 25. Qd1 Nb6 26. b3 Qxh4 27. Qd2 Rfe8 28.
Kg2 1-0

[Event "Xtracon Chess Open 2019"]
[Site "Helsingor DEN"]
[Date "2019.07.24"]
[Round "6.105"]
[White "Magnussen, Pal"]
[Black "Tolba, Henri"]
[Result "1-0"]
[WhiteElo "1985"]
[BlackElo "1752"]
[WhiteFideId "1711814"]
[BlackFideId "1418246"]
[EventDate "2019.07.20"]

1. e4 c6 2. d4 d5 3. Nc3 dxe4 4. Nxe4 Nd7 5. Nf3 Ngf6 6. Ng3 Nb6 7. Be2 Bg4 8.
O-O e6 9. a4 Qc7 10. Ne5 Bxe2 11. Qxe2 g6 12. a5 Nbd7 13. Nd3 Bd6 14. Bh6 a6 15.
c4 O-O-O 16. b4 Nh5 17. Nxh5 Bxh2+ 18. Kh1 gxh5 19. Qxh5 Bd6 20. c5 Bf8 21. Bf4
e5 22. Nxe5 Nxe5 23. Bxe5 Rd5 24. Qg4+ 1-0

[Event "Xtracon Chess Open 2019"]
[Site "Helsingor DEN"]
[Date "2019.07.24"]
[Round "6.106"]
[White "Gregersen, Hedin"]
[Black "Saltvedt, Martin"]
[Result "0-1"]
[WhiteElo "1728"]
[BlackElo "1984"]
[WhiteFideId "7200226"]
[BlackFideId "1518500"]
[EventDate "2019.07.20"]

1. Nf3 Nf6 2. g3 d6 3. Bg2 g6 4. O-O Bg7 5. d4 O-O 6. c4 Re8 7. Nc3 Nbd7 8. e4
e5 9. d5 Nc5 10. Qc2 Nh5 11. Nh4 Nf4 12. gxf4 Qxh4 13. fxe5 Bxe5 14. f4 Bd4+ 15.
Kh1 Bxc3 16. bxc3 Bh3 17. Be3 Bxg2+ 18. Qxg2 Nxe4 19. Bd4 f5 20. Rf3 Qe7 21. Rh3
Qf7 22. Rh6 c5 23. dxc6 bxc6 24. h4 c5 25. h5 cxd4 26. hxg6 hxg6 27. Rxg6+ Kf8
28. Rg1 Qh7+ 29. Qh2 Nf2+ 0-1

[Event "Xtracon Chess Open 2019"]
[Site "Helsingor DEN"]
[Date "2019.07.24"]
[Round "6.107"]
[White "Jarlskov, Daniel Tuk Hartso"]
[Black "Skjoldager, Flemming"]
[Result "0-1"]
[WhiteElo "1716"]
[BlackElo "1972"]
[WhiteFideId "1463896"]
[BlackFideId "1406515"]
[EventDate "2019.07.20"]

1. c4 e5 2. Nc3 Nf6 3. g3 d5 4. cxd5 Nxd5 5. Bg2 Nb6 6. Nf3 Nc6 7. b3 g6 8. Bb2
Bg7 9. O-O O-O 10. Qc2 Re8 11. Rad1 Nd4 12. Qb1 c6 13. e3 Nxf3+ 14. Bxf3 Bh3 15.
Bg2 Bxg2 16. Kxg2 Qe7 17. Ne2 Rad8 18. d4 e4 19. Qc1 Nd5 20. Ba3 Qf6 21. Nc3 h5
22. Nxd5 Rxd5 23. Qc4 Qf3+ 24. Kg1 h4 25. Rfe1 h3 26. Qf1 Rg5 27. Bc5 b6 28. Bd6
Re6 29. Bc7 Rh5 30. Rd2 Bf8 31. a4 Bb4 32. Rdd1 Bxe1 33. Rxe1 g5 34. Rc1 g4 35.
Bf4 c5 36. Rc4 Rd5 37. Be5 Rexe5 38. Rc1 cxd4 39. exd4 Rxd4 40. Rc8+ Kg7 0-1